<?xml version="1.0" encoding="UTF-8"?>
<record
    xmlns:xsi="http://www.w3.org/2001/XMLSchema-instance"
    xsi:schemaLocation="http://www.loc.gov/MARC21/slim http://www.loc.gov/standards/marcxml/schema/MARC21slim.xsd"
    xmlns="http://www.loc.gov/MARC21/slim">

  <leader>00973cam a22002531  4500</leader>
  <controlfield tag="001">ne 65002399 </controlfield>
  <controlfield tag="003">DLC</controlfield>
  <controlfield tag="005">20260227111818.0</controlfield>
  <controlfield tag="008">900328s1962    sy h     b    000 0 ara  </controlfield>
  <datafield tag="010" ind1=" " ind2=" ">
    <subfield code="a">ne 65002399 </subfield>
  </datafield>
  <datafield tag="025" ind1=" " ind2=" ">
    <subfield code="a">PL480:UAR-6230</subfield>
  </datafield>
  <datafield tag="035" ind1=" " ind2=" ">
    <subfield code="a">(OCoLC)21279749</subfield>
  </datafield>
  <datafield tag="040" ind1=" " ind2=" ">
    <subfield code="a">DLC</subfield>
    <subfield code="c">WaU</subfield>
    <subfield code="d">WaU</subfield>
    <subfield code="d">DLC</subfield>
  </datafield>
  <datafield tag="050" ind1="0" ind2="0">
    <subfield code="a">PJ6131</subfield>
    <subfield code="b">.Z26 1962</subfield>
  </datafield>
  <datafield tag="100" ind1="1" ind2=" ">
    <subfield code="a">Zajj&#x101;j&#x12B;, &#x2BB;Abd al-Ra&#x1E25;m&#x101;n ibn Is&#x1E25;&#x101;q,</subfield>
    <subfield code="d">-approximately 950.</subfield>
  </datafield>
  <datafield tag="245" ind1="1" ind2="0">
    <subfield code="a">Kit&#x101;b al-ibd&#x101;l wa-al-mu&#x2BB;&#x101;qabah wa-al-naz&#x101;&#x2BC;ir,</subfield>
    <subfield code="c">ta&#x2BC;l&#x12B;f Ab&#x12B; al-Q&#x101;sim &#x2BB;Abd al-Ra&#x1E25;m&#x101;n ibn Is&#x1E25;aq al-Zajj&#x101;j&#x12B;. &#x1E24;aqqaqahu wa-qaddama lahu wa-sharra&#x1E25;ahu &#x2BB;Izz al-D&#x12B;n al-Tan&#x16B;kh&#x12B;.</subfield>
  </datafield>
  <datafield tag="260" ind1=" " ind2=" ">
    <subfield code="a">Dimashq,</subfield>
    <subfield code="c">1962.</subfield>
  </datafield>
  <datafield tag="300" ind1=" " ind2=" ">
    <subfield code="a">14, 126, [1] p.</subfield>
    <subfield code="b">facsims.</subfield>
    <subfield code="c">24 cm.</subfield>
  </datafield>
  <datafield tag="440" ind1=" " ind2="0">
    <subfield code="a">Ma&#x1E6D;b&#x16B;&#x2BB;&#x101;t al-Majma&#x2BB; al-&#x2BB;Ilm&#x12B; al-&#x2BB;Arab&#x12B; bi-Dimashq</subfield>
  </datafield>
  <datafield tag="504" ind1=" " ind2=" ">
    <subfield code="a">Bibliography: p. [127]</subfield>
  </datafield>
  <datafield tag="650" ind1=" " ind2="0">
    <subfield code="a">Arabic language</subfield>
    <subfield code="x">Inflection.</subfield>
  </datafield>
  <datafield tag="700" ind1="1" ind2=" ">
    <subfield code="a">Tan&#x16B;kh&#x12B;, &#x2BB;Izz al-D&#x12B;n.</subfield>
  </datafield>
  <datafield tag="740" ind1="0" ind2=" ">
    <subfield code="a">Ibd&#x101;l wa-al-mu&#x2BB;&#x101;qabah wa-al-na&#x1E93;&#x101;&#x2BC;ir.</subfield>
  </datafield>
  <datafield tag="999" ind1=" " ind2=" ">
    <subfield code="c">48512</subfield>
    <subfield code="d">48512</subfield>
  </datafield>
</record>
